CARATHÉODORY OUTER MEASURE ON IF-SETS

Bibliographic Details
Main Author: Michalíková, Alžbeta, 1979- (Author)
Format: Article
Language:English

MARC

LEADER 00000nab a2200000uu 4500
001 vtls011451287
003 SK-MaSNL
005 20260304031708.0
008 230222|2008 xo |||||||||||||||||eng|
015 |a SNBRB 
035 |a (urnnbn)urn:nbn:sk:snk:ar-006l4s 
035 |a (uuid)4e019e06-7af8-430d-b681-fe772cbfaca5 
035 |a urn:nbn:sk:snk-abcna6 
040 |a SNKBUCL  |b slo  |c SNKBUCL  |e AACR2 
041 0 |a eng 
044 |a xo  |c SK 
100 1 |a Michalíková, Alžbeta,  |d 1979-  |4 aut  |9 255502 
245 1 0 |a CARATHÉODORY OUTER MEASURE ON IF-SETS  |c Alžbeta Michalíková 
773 0 |t Mathematica Slovaca  |g Roč. 58, č. 1 (2008), s. [63]-76 
958 |a OND 
958 |a EUIPO 
958 |a article16 
999 |c 2639413  |d 2641343